000 00472nam a22001337a 4500
008 150508b xxu||||| |||| 00| 0 eng d
082 _a741.5
_bA 663a
100 _aArango, Alberto
_92577
245 _aAlberto Arango 1897-1941
_cArango, Alberto
260 _aColombia
_bBanco de la República Departamento editorial
_c1988
300 _a115 p.
_bill. (col)
_c23.5x29 cm
650 _xTiras cómicas
_xDibujo
_xAranjo, Alberto
_xHumor
_zColombia
_92578
700 _aAlberto Arango
_92579
999 _c569
_d569